LoL Players who played at least 3 Worlds - EN - Statistics

General Stats
  • This quiz has been taken 126 times
    42 since last reset
  • The average score is 60 of 167
Answer Stats
Country Total Appearance Player % Correct
๐Ÿ‡ฉ๐Ÿ‡ฐ 7 Caps
100%
๐Ÿ‡ฐ๐Ÿ‡ท 9 Faker
100%
๐Ÿ‡ฐ๐Ÿ‡ท 6 Chovy
97%
๐Ÿ‡ฐ๐Ÿ‡ท 7 Ruler
94%
๐Ÿ‡จ๐Ÿ‡ณ 3 Bin
91%
๐Ÿ‡ฐ๐Ÿ‡ท 5 Keria
88%
๐Ÿ‡ต๐Ÿ‡ฑ 5 Jankos
85%
๐Ÿ‡ธ๐Ÿ‡ฎ 5 Mikyx
85%
๐Ÿ‡จ๐Ÿ‡ณ 6 Uzi
85%
๐Ÿ‡ฐ๐Ÿ‡ท 4 Oner
82%
๐Ÿ‡ฐ๐Ÿ‡ท 6 Peanut
82%
๐Ÿ‡ง๐Ÿ‡ช 5 Bwipo
79%
๐Ÿ‡ฐ๐Ÿ‡ท 6 Canyon
79%
๐Ÿ‡ฐ๐Ÿ‡ท 8 Deft
79%
๐Ÿ‡จ๐Ÿ‡ณ 4 knight
79%
๐Ÿ‡ฐ๐Ÿ‡ท 3 Zeus
79%
๐Ÿ‡ฐ๐Ÿ‡ท 4 BeryL
76%
๐Ÿ‡ซ๐Ÿ‡ท 5 Hans Sama
76%
๐Ÿ‡ธ๐Ÿ‡ช 6 Rekkles
76%
๐Ÿ‡ฐ๐Ÿ‡ท 6 ShowMaker
76%
๐Ÿ‡ฉ๐Ÿ‡ฐ 5 Wunder
76%
๐Ÿ‡ฐ๐Ÿ‡ท 8 CoreJJ
73%
๐Ÿ‡ฐ๐Ÿ‡ท 4 Gumayusi
73%
๐Ÿ‡ฐ๐Ÿ‡ท 3 Imp
73%
๐Ÿ‡ฐ๐Ÿ‡ท 4 Viper
73%
๐Ÿ‡จ๐Ÿ‡ณ 8 Xiaohu
73%
๐Ÿ‡ฐ๐Ÿ‡ท 4 Doran
70%
๐Ÿ‡ฐ๐Ÿ‡ท 8 Impact
70%
๐Ÿ‡ญ๐Ÿ‡ท 6 Perkz
70%
๐Ÿ‡ฐ๐Ÿ‡ท 3 TheShy
70%
๐Ÿ‡จ๐Ÿ‡ฟ 6 Humanoid
67%
๐Ÿ‡ฐ๐Ÿ‡ท 3 Kiin
67%
๐Ÿ‡น๐Ÿ‡ผ 8 Maple
67%
๐Ÿ‡ฐ๐Ÿ‡ท 5 Mata
67%
๐Ÿ‡ฐ๐Ÿ‡ท 4 Bdd
64%
๐Ÿ‡ฐ๐Ÿ‡ท 3 Bengi
64%
๐Ÿ‡บ๐Ÿ‡ธ 8 Doublelift
64%
๐Ÿ‡ซ๐Ÿ‡ท 6 sOAZ
64%
๐Ÿ‡ฐ๐Ÿ‡ท 3 Wolf
64%
๐Ÿ‡ซ๐Ÿ‡ท 5 YellOwStaR
64%
๐Ÿ‡ฉ๐Ÿ‡ฐ 5 Bjergsen
61%
๐Ÿ‡จ๐Ÿ‡ณ 5 JackeyLove
61%
๐Ÿ‡ฉ๐Ÿ‡ฐ 8 Jensen
61%
๐Ÿ‡จ๐Ÿ‡ณ 7 Meiko
61%
๐Ÿ‡ฐ๐Ÿ‡ท 7 Scout
61%
๐Ÿ‡จ๐Ÿ‡ณ 4 369
58%
๐Ÿ‡ช๐Ÿ‡ธ 4 Elyoya
58%
๐Ÿ‡ฐ๐Ÿ‡ท 3 Kanavi
58%
๐Ÿ‡ฐ๐Ÿ‡ท 3 Rookie
58%
๐Ÿ‡ฉ๐Ÿ‡ช 4 BrokenBlade
55%
๐Ÿ‡ฐ๐Ÿ‡ท 3 Huni
55%
๐Ÿ‡ฐ๐Ÿ‡ท 3 Bang
52%
๐Ÿ‡ฏ๐Ÿ‡ต 6 Evi
52%
๐Ÿ‡จ๐Ÿ‡ณ 4 GALA
52%
๐Ÿ‡ญ๐Ÿ‡บ 6 Hylissang
52%
๐Ÿ‡ง๐Ÿ‡ช 4 Nisqy
52%
๐Ÿ‡ฐ๐Ÿ‡ท 4 GorillA
48%
๐Ÿ‡น๐Ÿ‡ผ 6 Karsa
48%
๐Ÿ‡ฐ๐Ÿ‡ท 4 Lehends
48%
๐Ÿ‡ป๐Ÿ‡ณ 5 Levi
48%
๐Ÿ‡ช๐Ÿ‡ธ 3 Razork
48%
๐Ÿ‡ช๐Ÿ‡ธ 4 xPeke
48%
๐Ÿ‡ฐ๐Ÿ‡ท 3 Ambition
45%
๐Ÿ‡ต๐Ÿ‡ฑ 4 Inspired
45%
๐Ÿ‡ฐ๐Ÿ‡ท 3 Khan
45%
๐Ÿ‡ฐ๐Ÿ‡ท 4 Nuguri
45%
๐Ÿ‡ฐ๐Ÿ‡ท 5 PraY
45%
๐Ÿ‡ฐ๐Ÿ‡ท 3 Smeb
45%
๐Ÿ‡จ๐Ÿ‡ฟ 3 Carzzy
42%
๐Ÿ‡จ๐Ÿ‡ณ 5 Ming
42%
๐Ÿ‡ฐ๐Ÿ‡ท 3 Crown
39%
๐Ÿ‡ฉ๐Ÿ‡ฐ 6 Zven
39%
๐Ÿ‡น๐Ÿ‡ท 4 Armut
36%
๐Ÿ‡บ๐Ÿ‡ธ 5 Blaber
36%
๐Ÿ‡ฐ๐Ÿ‡ท 3 CuVee
36%
๐Ÿ‡น๐Ÿ‡ผ 6 SwordArt
36%
๐Ÿ‡ฐ๐Ÿ‡ท 4 Tarzan
36%
๐Ÿ‡จ๐Ÿ‡ณ 3 Wei
36%
๐Ÿ‡ซ๐Ÿ‡ฎ 3 Cyanide
33%
๐Ÿ‡ท๐Ÿ‡ด 4 Odoamne
33%
๐Ÿ‡ฐ๐Ÿ‡ท 3 PawN
33%
๐Ÿ‡ฐ๐Ÿ‡ท 3 Clid
30%
๐Ÿ‡จ๐Ÿ‡ณ 4 Crisp
30%
๐Ÿ‡ฆ๐Ÿ‡บ 3 FBI
30%
๐Ÿ‡ฐ๐Ÿ‡ท 3 Kuro
30%
๐Ÿ‡ฐ๐Ÿ‡ท 3 Pyosik
30%
๐Ÿ‡บ๐Ÿ‡ธ 7 Sneaky
30%
๐Ÿ‡น๐Ÿ‡ผ 3 Betty
27%
๐Ÿ‡จ๐Ÿ‡ณ 6 Clearlove
27%
๐Ÿ‡ฆ๐Ÿ‡บ 4 Fudge
27%
๐Ÿ‡จ๐Ÿ‡ณ 3 Light
27%
๐Ÿ‡ฐ๐Ÿ‡ท 3 Ryu
27%
๐Ÿ‡จ๐Ÿ‡ณ 3 Yagao
27%
๐Ÿ‡ฏ๐Ÿ‡ต 5 Yutapon
27%
๐Ÿ‡ฉ๐Ÿ‡ฐ 4 Broxah
24%
๐Ÿ‡ฉ๐Ÿ‡ช 3 Kaiser
24%
๐Ÿ‡จ๐Ÿ‡ณ 4 Tian
24%
๐Ÿ‡ท๐Ÿ‡บ 4 Diamondprox
21%
๐Ÿ‡บ๐Ÿ‡ธ 3 huhi
21%
๐Ÿ‡จ๐Ÿ‡ฆ 3 Vulcan
21%
๐Ÿ‡ฐ๐Ÿ‡ท 3 IgNar
18%
๐Ÿ‡ต๐Ÿ‡ญ 6 Xmithie
18%
๐Ÿ‡บ๐Ÿ‡ธ 3 aphromoo
15%
๐Ÿ‡บ๐Ÿ‡ธ 3 Balls
15%
๐Ÿ‡บ๐Ÿ‡ธ 5 Dyrus
15%
๐Ÿ‡บ๐Ÿ‡ธ 3 Hai
15%
๐Ÿ‡ป๐Ÿ‡ณ 4 Kiaya
15%
๐Ÿ‡ฐ๐Ÿ‡ท 3 Looper
15%
๐Ÿ‡บ๐Ÿ‡ธ 3 Meteos
15%
๐Ÿ‡บ๐Ÿ‡ธ 3 Pobelter
15%
๐Ÿ‡ฐ๐Ÿ‡ท 3 River
15%
๐Ÿ‡ฉ๐Ÿ‡ฐ 3 Santorin
15%
๐Ÿ‡ต๐Ÿ‡ฑ 3 Trymbi
15%
๐Ÿ‡จ๐Ÿ‡ฆ 4 WildTurtle
15%
๐Ÿ‡น๐Ÿ‡ผ 3 AN
12%
๐Ÿ‡ฆ๐Ÿ‡ฒ 4 Edward
12%
๐Ÿ‡ญ๐Ÿ‡ฐ 4 Kaiwing
12%
๐Ÿ‡บ๐Ÿ‡ธ 3 LemonNation
12%
๐Ÿ‡ช๐Ÿ‡ธ 4 Mithy
12%
๐Ÿ‡น๐Ÿ‡ผ 3 NL
12%
๐Ÿ‡ง๐Ÿ‡ท 3 Robo
12%
๐Ÿ‡ฉ๐Ÿ‡ฐ 5 Svenskeren
12%
๐Ÿ‡จ๐Ÿ‡ฆ 3 TheOddOne
12%
๐Ÿ‡ง๐Ÿ‡ท 3 Tinowns
12%
๐Ÿ‡น๐Ÿ‡ผ 4 westdoor
12%
๐Ÿ‡จ๐Ÿ‡ฆ 3 Biofrost
9%
๐Ÿ‡น๐Ÿ‡ท 3 Closer
9%
๐Ÿ‡น๐Ÿ‡ผ 3 Hanabi
9%
๐Ÿ‡จ๐Ÿ‡ณ 3 Koro1
9%
๐Ÿ‡ธ๐Ÿ‡ช 3 Larssen
9%
๐Ÿ‡น๐Ÿ‡ผ 3 Rest
9%
๐Ÿ‡ฐ๐Ÿ‡ท 4 Ssumday
9%
๐Ÿ‡ท๐Ÿ‡บ 3 AHaHaCiK
6%
๐Ÿ‡บ๐Ÿ‡ฆ 3 Kira
6%
๐Ÿ‡น๐Ÿ‡ผ 3 Mountain
6%
๐Ÿ‡ฉ๐Ÿ‡ช 3 Nyph
6%
๐Ÿ‡บ๐Ÿ‡ธ 3 Reginald
6%
๐Ÿ‡ฐ๐Ÿ‡ท 5 Steal
6%
๐Ÿ‡น๐Ÿ‡ผ 4 Ziv
6%
๐Ÿ‡น๐Ÿ‡ผ 3 Albis
3%
๐Ÿ‡ป๐Ÿ‡ณ 3 Bie
3%
๐Ÿ‡ท๐Ÿ‡บ 3 BOSS
3%
๐Ÿ‡ป๐Ÿ‡ณ 3 Kati
3%
๐Ÿ‡ฐ๐Ÿ‡ท 3 Kramer
3%
๐Ÿ‡ท๐Ÿ‡บ 3 Nomanz
3%
๐Ÿ‡ต๐Ÿ‡ช 4 Oddie
3%
๐Ÿ‡ป๐Ÿ‡ณ 3 Palette
3%
๐Ÿ‡บ๐Ÿ‡ฆ 3 PvPStejos
3%
๐Ÿ‡ง๐Ÿ‡ท 3 TitaN
3%
๐Ÿ‡น๐Ÿ‡ผ 3 Wako
3%
๐Ÿ‡บ๐Ÿ‡ธ 3 Xpecial
3%
๐Ÿ‡ฆ๐Ÿ‡บ 3 Babip
0%
๐Ÿ‡น๐Ÿ‡ญ 3 G4
0%
๐Ÿ‡น๐Ÿ‡ผ 4 Gemini
0%
๐Ÿ‡ฆ๐Ÿ‡บ 3 k1ng
0%
๐Ÿ‡น๐Ÿ‡ผ 4 Koala
0%
๐Ÿ‡น๐Ÿ‡ผ 3 Liang
0%
๐Ÿ‡น๐Ÿ‡ญ 3 Lloyd
0%
๐Ÿ‡น๐Ÿ‡ผ 4 Mission
0%
๐Ÿ‡จ๐Ÿ‡ณ 3 Mixg
0%
๐Ÿ‡น๐Ÿ‡ผ 3 PK
0%
๐Ÿ‡ฐ๐Ÿ‡ท 3 Rascal
0%
๐Ÿ‡ฒ๐Ÿ‡ฝ 3 Seiya
0%
๐Ÿ‡จ๐Ÿ‡ฑ 3 Slow
0%
๐Ÿ‡ฆ๐Ÿ‡บ 3 Tally
0%
๐Ÿ‡ญ๐Ÿ‡ฐ 4 Unified
0%
๐Ÿ‡ฐ๐Ÿ‡ท 3 Watch
0%
No matching quizzes found
Score Distribution
Percent of People with Each Score
Percentile by Number Answered
Your Score History
You have not taken this quiz since the last reset